|
|
|
|
| LEADER |
00661cam a2200193 7i4500 |
| 001 |
0000028024 |
| 005 |
20130121090000.0 |
| 022 |
0 |
0 |
|a 17935814
|
| 090 |
0 |
0 |
|a M 338.8895205951
|b JAP
|
| 245 |
0 |
0 |
|a Japan - Malaysia trade directory 2012.
|
| 260 |
0 |
0 |
|a Singapore:
|b Wesly Publishing,
|c 2012.
|
| 300 |
# |
# |
|a [v.p].
|
| 650 |
0 |
0 |
|a Japanese companies --
|z Malaysia
|
| 650 |
0 |
0 |
|a Corporations, Japanese --
|x Directories --
|z Malaysia
|
| 650 |
0 |
0 |
|a Japan --
|x Business --
|x Directories --
|z Malaysia
|
| 650 |
0 |
0 |
|a Malaysia --
|x Business --
|x Directories --
|z Japan
|
| 651 |
0 |
0 |
|a Japan
|
| 651 |
0 |
0 |
|a Malaysia
|
| 999 |
|
|
|a B000031368
|b Directories
|c Countries
|e Business Information Centre
|